000 00882nas a2200301 4500
001 BR0706009
003 BR-BrBNA
005 20231205111226.0
007 ta
008 230509b bl.|||p| |||| 00| 00por d
040 _aBR-BrBNA
_bpor
_cBiblioteca Nacional de Agricultura
041 _a(Pt)
072 _aL50; L74
100 1 _aJosef, G.B.
100 1 _aAlves, A.L.G.
100 1 _aSilva, M.D.P.
100 1 _aThomassian, A.
100 1 _aCrocci, A.J.
100 1 _aLettry, V.
100 1 _aPyles, M.D.
245 1 _aAnálise morfométrica e tipificação de fibras musculares de eqüinos submetidos a exercícios
650 _aEQÜINO
650 _aMÚSCULO
650 _aANÁLISE FÍSICA
773 0 _tVeterinária Notícias (Brazil)
_xISSN 0104-3463
_g(2004), v. 10(2) p. 11-16
_wBR0706009
909 _a202311
_bLúcia
_c55
_dLúcia Elande
942 _2AGRIS
_n0
_cANA
999 _c191461
_d191461